| 000 | 01140nam a2200301Ia 4500 | ||
|---|---|---|---|
| 001 | ebr10087000 | ||
| 003 | CaPaEBR | ||
| 006 | m u | ||
| 007 | cr cn||||||||| | ||
| 008 | 050512s2006 maua s 001 0 eng d | ||
| 020 | _z1592006221 | ||
| 040 |
_aCaPaEBR _cCaPaEBR |
||
| 035 | _a(OCoLC)70739841 | ||
| 050 | 1 | 4 |
_aLB1029.S53 _bM53 2006eb |
| 082 | 0 | 4 |
_a371.39/7 _222 |
| 100 | 1 | _aMichael, David R. | |
| 245 | 1 | 0 |
_aSerious games _h[electronic resource] : _bgames that educate, train, and inform / _cDavid R. Michael and Sande Chen. |
| 260 |
_aBoston, MA : _bThomson Course Technology PTR, _c2006. |
||
| 300 |
_axviii, 287 p. : _bill. |
||
| 500 | _aIncludes index. | ||
| 533 |
_aElectronic reproduction. _bPalo Alto, Calif. : _cebrary, _d2009. _nAvailable via World Wide Web. _nAccess may be limited to ebrary affiliated libraries. |
||
| 650 | 0 | _aComputer games. | |
| 650 | 0 | _aEducational games. | |
| 655 | 7 |
_aElectronic books. _2local |
|
| 700 | 1 | _aChen, Sande. | |
| 710 | 2 | _aebrary, Inc. | |
| 856 | 4 | 0 |
_uhttp://site.ebrary.com/lib/rucke/Doc?id=10087000 _zAn electronic book accessible through the World Wide Web; click to view |
| 999 |
_c51563 _d51563 |
||